50 Animaux commençant par un C - Statistiques

Statistiques générales
  • Ce quiz a été pris 98 fois
  • Le résultat moyen est 19 sur 50
Statistiques - réponses
Animal % Correct
19 Chat
100%
25 Chien
98%
9 Canard
72%
22 Cheval
72%
33 Cochon
67%
23 Chèvre
62%
17 Chameau
55%
49 Crocodile
55%
15 Cerf
54%
45 Crabe
49%
21 Chenille
48%
47 Crevette
48%
14 Castor
46%
32 Coccinelle
46%
26 Chimpanzé
44%
46 Crapaud
43%
6 Caiman
41%
24 Chevreuil
41%
38 Coq
41%
39 Corbeau
41%
35 Colibri
40%
2 Cacatoes
39%
4 Cafard
37%
27 Chouette
35%
3 Cachalot
33%
8 Caméléon
32%
16 Chacal
32%
29 Cigogne
32%
18 Chamois
30%
31 Cobra
30%
43 Couleuvre
29%
48 Criquet
29%
7 Calmar
28%
11 Caribou
28%
20 Chauve-souris
28%
12 Carpe
27%
50 Crotale
27%
36 Colombe
26%
28 Cigale
24%
42 Cougar
22%
44 Coyote
22%
10 Canari
21%
41 Coucou
21%
34 Cochon d'inde
20%
40 Cormoran
20%
1 Cabillaud
18%
37 Condor
18%
5 Caille
15%
13 Casoar
15%
30 Cobaye
4%
Aucun quiz correspondant
Distribution des résultats
% des personnes avec chaque résultat
Percentile par nombre de réponses
Votre historique - résultats
Vous n’avez pas pris ce quiz